000 00651nam a2200229Ia 4500
003 OSt
005 20220923230118.0
006 a|||||r|||| 00| 0
007 ta
008 Pun
024 _a277,461
037 _cTextual
040 _aARTS
_cARTS
_bPun
041 _2Pun
_aPun
082 _aO153,3NGIx, M1
100 _aਗਿੱਲ, ਤ੍ਰਿਲੋਚਨ ਸਿੰਘ
_9159453
245 0 _aਗ਼ਿੰਦਗੀ ਹੁਸੀਨ ਹੈ
260 _c1981
650 _aਪੰਜਾਬੀ ਸਾਹਿਤ
942 _hO153,3NGIx, M1
_cTEXL
_2CC
999 _c382532
_d382532